000 00223nam a22000857a 4500
008 160715b xxu||||| |||| 00| 0 eng d
100 _92919
_aEgmont
245 _aThe Secret of the Unicorn
_bTin Tin
260 _aUSA
_bMacmillan
_c2009
999 _c2484
_d2484